000 00538nam a2200169Ia 4500
008 100917s9999 xx 000 0 und d
082 _b16005
100 _aराजवाडे विश्वनाथ काशिनाथ
245 _aसंकीर्ण लेखसंग्रह
260 _b---
365 _b0
520 _aनिबंध
630 _aसंकीर्ण लेखसंग्रह
650 _aनिबंध
730 _aसंकीर्ण लेखसंग्रह
942 _cBOOK
999 _c621399
_d621396